书目信息 |
| 题名: |
概率论
|
|
| 作者: | ;复旦大学 编 | |
| 分册: | 第二册 数理统计 | |
| 出版信息: | 北京 人民教育出版社 1979 |
|
| 页数: | 402页 | |
| 开本: | 19cm | |
| 丛书名: | ||
| 单 册: | ||
| 中图分类: | O211.1 | |
| 科图分类: | ||
| 主题词: | 概率--基础 | |
| 电子资源: | ||
| ISBN: | ||
| 000 | 00648nam0 2200241 45 | |
| 001 | 0181010730 | |
| 005 | 20070705155015.15 | |
| 010 | @dCNY0.60 | |
| 091 | @a13010.0381 | |
| 100 | @a19960215d1979 em y0chiy0121 ea | |
| 101 | 0 | @achi |
| 102 | @aCN@b110000 | |
| 105 | @ay z 000yy | |
| 200 | 10 | @a概率论@Agai lv lun@h第二册@i数理统计@h第二分册@f复旦大学编@FFu Dan Da Xue Bian |
| 210 | @a北京@c人民教育出版社@d1979 | |
| 215 | @a402页@d19cm | |
| 300 | @a高等学校试用教材 | |
| 517 | @a数理统计@AShu Li Tong Ji | |
| 606 | 0 | @a概率@x基础 |
| 690 | @aO211.1@v3 | |
| 711 | 02 | @a复旦大学@4编 |
| 801 | 0 | @aCN@bNLC@c20070705 |
| 905 | @dO211.1@e11:2(2) | |
| 概率论.第二册.数理统计.第二分册/复旦大学编.-北京:人民教育出版社,1979 |
| 402页;19cm |
| 高等学校试用教材 |
| ISBN :CNY0.60 |
| ● |
| 相关链接 |
|
|
|
|
正题名:概率论
索取号:O211.1/11:2(2)
 
预约/预借
| 序号 | 登录号 | 条形码 | 馆藏地/架位号 | 状态 | 备注 |
| 1 | 0032902 | 000404538 | 第三借阅区/ [索取号:O211.1/11:2(2)] | 在馆 | |
| 2 | 0032903 | 202378499 | 密集书库/ [索取号:O211.1/11:2(2)] | 在馆 | |
| 3 | 0032904 | 000404413 | 第三借阅区/ [索取号:O211.1/11:2(2)] | 在馆 | |
| 4 | 0032905 | 202378532 | 密集书库/ [索取号:O211.1/11:2(2)] | 在馆 | |
| 5 | 0032906 | 000404315 | 第三借阅区/ [索取号:O211.1/11:2(2)] | 在馆 | |
| 6 | 0043429 | 202378523 | 密集书库/ [索取号:O211.1/11:2(2)] | 在馆 | |
| 7 | 0043430 | 202378578 | 密集书库/ [索取号:O211.1/11:2(2)] | 在馆 | |
| 8 | 0043431 | 000404495 | 第三借阅区/ [索取号:O211.1/11:2(2)] | 在馆 | |
| 9 | 0043432 | 202378612 | 密集书库/ [索取号:O211.1/11:2(2)] | 在馆 | |
| 10 | 0043433 | 202378015 | 密集书库/ [索取号:O211.1/11:2(2)] | 在馆 | |
| 11 | 0043434 | 202378480 | 密集书库/ [索取号:O211.1/11:2(2)] | 在馆 | |
| 12 | 0043435 | 202378051 | 密集书库/ [索取号:O211.1/11:2(2)] | 在馆 | |
| 13 | 0043436 | 202378569 | 密集书库/ [索取号:O211.1/11:2(2)] | 在馆 | |
| 14 | 0043437 | 202378006 | 密集书库/ [索取号:O211.1/11:2(2)] | 在馆 | |
| 15 | 0043438 | 202328524 | 密集书库/ [索取号:O211.1/11:2(2)] | 在馆 | |
| 16 | 0044495 | 202285455 | 密集书库/ [索取号:O211.1/11:2(2)] | 在馆 | |
| 17 | 0108959 | 202285419 | 密集书库/ [索取号:O211.1/11:2(2)] | 在馆 | |
| 18 | 0108960 | 000404342 | 第三借阅区/ [索取号:O211.1/11:2(2)] | 在馆 | |
| 19 | 0108961 | 000404324 | 第二样本阅览室/ [索取号:O211.1/11:2(2)] | 在馆 | |
| 20 | 0429638 | 204296387 | 密集书库/ [索取号:O211.1/11:2(2)] | 在馆 | |
| 21 | 0430037 | 204300372 | 密集书库/ [索取号:O211.1/11:2(2)] | 在馆 | |
| 22 | 0430038 | 204300381 | 密集书库/ [索取号:O211.1/11:2(2)] | 在馆 | |
| 23 | 0430039 | 204300390 | 密集书库/ [索取号:O211.1/11:2(2)] | 在馆 | |
| 24 | 0430040 | 204300407 | 密集书库/ [索取号:O211.1/11:2(2)] | 在馆 | |
| 25 | 0430041 | 204300416 | 密集书库/ [索取号:O211.1/11:2(2)] | 在馆 | |
| 26 | 0430042 | 204300425 | 密集书库/ [索取号:O211.1/11:2(2)] | 在馆 | |
| 27 | 0431372 | 204313723 | 密集书库/ [索取号:O211.1/11:2(2)] | 在馆 | |
| 28 | 0431373 | 204313732 | 密集书库/ [索取号:O211.1/11:2(2)] | 在馆 | |
| 29 | 0431374 | 204313741 | 密集书库/ [索取号:O211.1/11:2(2)] | 在馆 | |
| 30 | 0431375 | 204313750 | 密集书库/ [索取号:O211.1/11:2(2)] | 在馆 | |
| 31 | 0431376 | 204313769 | 密集书库/ [索取号:O211.1/11:2(2)] | 在馆 | |
| 32 | 0431377 | 204313778 | 密集书库/ [索取号:O211.1/11:2(2)] | 在馆 | |
| 33 | 0431441 | 204314410 | 密集书库/ [索取号:O211.1/11:2(2)] | 在馆 | |
| 34 | 0431745 | 204317453 | 密集书库/ [索取号:O211.1/11:2(2)] | 在馆 | |
| 35 | 0446687 | 204466871 | 密集书库/ [索取号:O211.1/11:2(2)] | 在馆 | |
| 36 | 0765495 | 207654956 | 密集书库/ [索取号:O211.1/11:2(2)] | 在馆 |